[Event "Chess24 Legends of Chess"]
[Site "Online"]
[Date "2020.07.18"]
[Round "9.4"]
[White "Kramnik, Vladimir"]
[Black "Carlsen, Magnus"]
[Result "0-1"]
[WhiteElo "2756"]
[BlackElo "2881"]
[Annotator "ChessBase"]
[PlyCount "48"]
[EventDate "2020.07.21"]
[EventType "tourn"]
[SourceTitle "playchess.com"]
[Source "ChessBase"]
[SourceQuality "1"]
[TimeControl "900+10"]

1. e4 {[%emt 0:00:00]} c5 {[%emt 0:00:00]} 2. Nf3 {[%emt 0:00:00]} d6 {[%emt 0:00:00]} 3. d4 {[%emt 0:00:00]} cxd4 {[%emt 0:00:00]} 4. Nxd4 {[%emt 0:00:00]} Nf6 {[%emt 0:00:00]} 5. Nc3 {[%emt 0:00:00]} a6 {[%emt 0:00:00]} 6. Bc4 {[%emt 0:00:00]} b5 {[%emt 0:00:15]} 7. Bb3 {[%emt 0:00:07]} e6 {[%emt 0:00:04]} 8. Be3 {[%emt 0:00:05]} Be7 {[%emt 0:00:27]} 9. Qe2 {[%emt 0:00:06]} O-O {[%emt 0:00:28]} 10. f3 {[%emt 0:00:04]} Qc7 {[%emt 0:00:53]} 11. g4 {[%emt 0:00:03]} Nc6 {[%emt 0:00:07]} 12. Nxc6 {[%emt 0:00:18]} Qxc6 {[%emt 0:00:01]} 13. g5 {[%emt 0:00:06]} Nd7 {[%emt 0:00:05]} 14. h4 {[%emt 0:00:10]} Nc5 {[%emt 0:00:14]} 15. h5 {[%emt 0:00:33]} Rb8 {[%emt 0:00:07]} 16. g6 {[%emt 0:01:42]} h6 {[%emt 0:01:47]} 17. Nd5 {[%emt 0:02:53]} exd5 {[%emt 0:00:21]} 18. Bxd5 {[%emt 0:00:04]} Qe8 {[%emt 0:00:02]} 19. Bxh6 {[%emt 0:03:58]} gxh6 {[%emt 0:00:39]} 20. Rg1 {[%emt 0:03:21]} Bh4+ {[%emt 0:00:07]} 21. Kd1 {[%emt 0:00:23]} Qe5 {[%emt 0:00:01]} 22. c3 {[%emt 0:01:31]} Be6 {[%emt 0:00:03]} 23. f4 {[%emt 0:00:43]} Qxf4 {[%emt 0:00:03]} 24. gxf7+ {[%emt 0:01:03]} Kh7 {[%emt 0:00:06]} 0-1

[Event "Chess24 Legends of Chess"]
[Site "Online"]
[Date "2020.07.18"]
[Round "9.4"]
[White "Anand, Viswanathan"]
[Black "Ivanchuk, Vasyl"]
[Result "1/2-1/2"]
[WhiteElo "2751"]
[BlackElo "2686"]
[Annotator "TA"]
[PlyCount "45"]
[EventDate "2020.07.21"]
[EventType "tourn"]
[SourceTitle "playchess.com"]
[Source "ChessBase"]
[SourceQuality "1"]

{[%evp 16,45,14,8,12,14,14,21,30,7,16,5,17,10,14,20,24,4,16,2,6,12,31,18,21,15,40,0,24,0,26,0]} 1. e4 e5 2. Nf3 Nc6 3. Bb5 a6 4. Ba4 Nf6 5. O-O Be7 6. d3 b5 7. Bb3 d6 8. a3 O-O 9. Nc3 Na5 {is the new trend. C77: Ruy Lopez: 3...a6 4 Ba4 Nf6, unusual lines.} 10. Ba2 Be6 11. b4 Bxa2 {The position is equal.} 12. Nxa2 Nc6 13. c4 Nd4 14. Nc3 Nxf3+ 15. Qxf3 c6 {[#]} 16. Qe2 $146 ({Predecessor:} 16. Rb1 Qd7 17. a4 bxa4 18. Nxa4 Rab8 19. Nc3 d5 20. exd5 cxd5 21. Bg5 e4 22. dxe4 dxe4 {½-½ (30) Giri,A (2776)-Ding,L (2801) Kolkata 2019}) 16... Qd7 17. Rd1 Rfe8 18. Bg5 Qb7 19. Rab1 Nd7 20. Be3 Nf6 21. Bg5 Nd7 22. Be3 Nf6 23. Bg5 {A rather calm draw. Accuracy: White = 92%, Black = 93%.} 1/2-1/2

[Event "Chess24 Legends of Chess"]
[Site "Online"]
[Date "2020.07.18"]
[Round "9.4"]
[White "Giri, Anish"]
[Black "Svidler, Peter"]
[Result "1/2-1/2"]
[WhiteElo "2731"]
[BlackElo "2742"]
[Annotator "TA"]
[PlyCount "84"]
[EventDate "2020.07.21"]
[EventType "tourn"]
[SourceTitle "playchess.com"]
[Source "ChessBase"]
[SourceQuality "1"]

{[%evp 13,84,32,38,24,54,56,51,55,75,64,82,81,94,62,59,55,75,66,64,88,102,100,101,99,91,103,121,120,118,116,120,119,156,154,205,36,10,0,50,65,87,80,127,12,20,12,29,27,57,57,57,57,60,64,100,94,111,111,190,166,171,7,8,0,0,0,0,0,0,0,0,0,0]} 1. d4 g6 2. e4 Bg7 3. Nf3 d6 4. Be3 Nf6 5. Nc3 c6 6. Qd2 b5 7. Bd3 Nbd7 8. e5 {B08: Pirc Defence: Classical System.} Ng4 {[%cal Rd6e5]} 9. exd6 exd6 10. Bg5 {White is slightly better.} Ngf6 $1 {[#]} 11. Qe2+ $146 ({Predecessor:} 11. d5 cxd5 12. Qe2+ Ne5 13. Bxb5+ Kf8 14. Nxe5 dxe5 15. Qxe5 Be6 16. O-O h6 17. Bxf6 Bxf6 {½-½ (28) Crippa,M-Brigati,A (2037) Monza 2006}) 11... Kf8 12. O-O h6 13. Bf4 Nb6 14. a4 b4 15. Ne4 Nxe4 16. Bxe4 d5 17. Bd3 $36 {[%mdl 2048] Keeping Black busy.} Bg4 18. c3 Qf6 19. Qe3 Bxf3 20. Qxf3 g5 21. Bc7 Qxf3 22. gxf3 Ke7 23. a5 Nc4 {[#]} (23... Nc8 $16) 24. Bxc4 $2 (24. Rfe1+ $1 $18 Kd7 25. Bg3) 24... dxc4 $14 25. Ra4 Kd7 26. Bg3 bxc3 27. bxc3 {[%cal Bb2c3,Bc3c4][%mdl 32]} f5 {[#] aiming for ...f4.} 28. Be5 (28. Rb1 $16) 28... Bxe5 $11 29. dxe5 {[%mdl 4096] Endgame KRR-KRR} Ke6 30. Rxc4 Rac8 31. Rc5 Rhd8 32. c4 $1 Rd3 33. Kg2 h5 34. h3 g4 35. hxg4 hxg4 (35... fxg4 $16 {was necessary.} 36. fxg4 Rg8) 36. fxg4 $18 Rg8 37. f3 $2 (37. Rxc6+ $18 Kd7 38. Rh6) 37... fxg4 $11 {The position is equal.} 38. fxg4 Rxg4+ 39. Kh2 Rh4+ 40. Kg2 Rg4+ 41. Kh2 Rh4+ 42. Kg2 {Rf6+ is the strong threat.} Rg4+ {Accuracy: White = 72%, Black = 73%.} 1/2-1/2

[Event "Chess24 Legends of Chess"]
[Site "Online"]
[Date "2020.07.18"]
[Round "9.4"]
[White "Leko, Peter"]
[Black "Ding, Liren"]
[Result "1/2-1/2"]
[WhiteElo "2710"]
[BlackElo "2836"]
[Annotator "TA"]
[PlyCount "92"]
[EventDate "2020.07.21"]
[EventType "tourn"]
[SourceTitle "playchess.com"]
[Source "ChessBase"]
[SourceQuality "1"]

{[%evp 9,92,8,16,0,10,0,0,0,0,0,0,-6,0,0,0,0,30,-18,23,30,58,15,29,16,17,12,49,29,60,41,61,0,0,0,0,-9,-22,-28,0,-23,-8,-109,-124,-107,-128,-96,-93,-117,-125,-125,-110,-104,-110,-139,-23,-211,-204,-240,-223,-228,-216,-216,-214,-172,-128,-133,-92,-105,-99,-138,-138,-208,-209,-150,-110,-101,-22,-22,-25,-82,0,-41,0,-87,0]} 1. Nf3 d5 2. e3 Nf6 3. c4 e6 4. Nc3 dxc4 5. Bxc4 a6 {[#]} 6. e4 $146 {A17: English Opening: 1...Nf6 with ...Bb4.} ({Predecessor:} 6. O-O c5 7. Be2 Nc6 8. d4 cxd4 9. exd4 Be7 10. Be3 Ng4 11. Bf4 Nf6 12. Rc1 O-O 13. Be3 Ng4 14. Bd3 Nxe3 15. fxe3 b6 16. Be4 Bb7 17. Ne5 Nxe5 18. Bxb7 Ra7 19. Be4 Nd7 20. Qe2 b5 {½-½ (41) Artemiev,V (2731)-So,W (2765) Wijk aan Zee 2020}) 6... b5 7. Bb3 Bb7 8. e5 {The position is equal.} Nd5 9. d4 Be7 10. O-O O-O 11. Ne4 Nd7 12. Bc2 Rc8 13. Bg5 h6 (13... Nb4 $5 {[%cal Rb7e4]} 14. Bxe7 Qxe7 $11) 14. Bxe7 Qxe7 15. a3 c5 16. Nd6 {[%mdl 64] Double Attack} Rc7 17. Qd3 {[%csl Gc2][%cal Rd3h7]} g6 (17... f5 $5 {[%cal Rd5f4]}) 18. dxc5 Nxc5 {[%cal Bd7c5,Bc5a4,Ba4c3][%mdl 32]} 19. Qd2 Kg7 20. h4 (20. Rac1 $14) 20... Nb6 $11 {And now ...Bxf3 would win.} 21. b4 Nca4 22. Nxb7 Rxb7 23. h5 Rd8 (23... Rd7 $5 {[%cal Rd7d2]} 24. Qe1 Rc8 25. Bxa4 Nxa4 $11) 24. Qf4 Nc3 {Threatens to win with ...Ne2+.} 25. Qg4 (25. Rfe1 $11 {keeps the balance.}) 25... g5 $17 26. Rfe1 Rc7 27. Bb3 Rd3 28. Bc2 Rc4 29. Qg3 Rd8 30. Bb3 Rcc8 $1 31. Nh2 Nbd5 (31... Ncd5 $17 {aiming for ...Rc3.} 32. Bxd5 Nxd5) 32. Qf3 $2 (32. Qg4 $1 $11) 32... Nf4 $19 33. Re3 {[#]} Rd2 $1 34. Rae1 Ncd5 35. Bxd5 Nxd5 ({Not} 35... Rxd5 36. g3 $16) 36. Rb3 Rcc2 37. Ng4 Nf4 38. Rbe3 Qd8 ({And not} 38... Nxh5 39. Qh3 $16) 39. Rf1 Qd5 40. g3 (40. Qxd5 $17 Nxd5 41. Rb3) 40... Qxf3 ({Don't do} 40... Nxh5 41. Re4) 41. Rxf3 Ne2+ 42. Kg2 {[#]} Nd4 (42... Nc1 $1 $17 43. Re1 Nd3) 43. Re3 $1 $11 Nf5 44. Rf3 (44. Rb3 $1 $11) 44... Nd4 45. Re3 $1 Nf5 46. Rf3 Nd4 {Accuracy: White = 68%, Black = 67%.} (46... Rc4 $17 47. Ne3 Nxe3+ 48. Rxe3 g4) 1/2-1/2

[Event "Chess24 Legends of Chess"]
[Site "Online"]
[Date "2020.07.18"]
[Round "9.5"]
[White "Anand, Viswanathan"]
[Black "Ivanchuk, Vasyl"]
[Result "1/2-1/2"]
[WhiteElo "2751"]
[BlackElo "2686"]
[Annotator "ChessBase"]
[PlyCount "118"]
[EventDate "2020.07.21"]
[EventType "tourn"]
[SourceTitle "playchess.com"]
[Source "ChessBase"]
[SourceQuality "1"]
[TimeControl "900+10"]

1. d4 {[%emt 0:10:10]} Nf6 {[%emt 0:11:10]} 2. c4 {[%emt 0:00:12]} e6 {[%emt 0:00:11]} 3. Nf3 {[%emt 0:00:12]} d5 {[%emt 0:00:12]} 4. Nc3 {[%emt 0:00:11]} Nbd7 {[%emt 0:00:11]} 5. Bf4 {[%emt 0:00:23]} dxc4 {[%emt 0:00:12]} 6. e3 {[%emt 0:00:12]} Nd5 {[%emt 0:00:12]} 7. Bxc4 {[%emt 0:00:13]} Nxf4 {[%emt 0:00:12]} 8. exf4 {[%emt 0:00:12]} Nb6 {[%emt 0:00:11]} 9. Bb3 {[%emt 0:00:13]} g6 {[%emt 0:00:11]} 10. Qe2 {[%emt 0:00:24]} Bg7 {[%emt 0:00:16]} 11. Rd1 {[%emt 0:00:16]} O-O {[%emt 0:00:14]} 12. h4 {[%emt 0:00:12]} Nd5 {[%emt 0:00:15]} 13. g3 {[%emt 0:00:15]} Nxc3 {[%emt 0:00:24]} 14. bxc3 {[%emt 0:00:12]} c5 {[%emt 0:00:11]} 15. h5 {[%emt 0:00:13]} cxd4 {[%emt 0:00:13]} 16. cxd4 {[%emt 0:00:12]} Bd7 {[%emt 0:00:18]} 17. Ne5 {[%emt 0:00:27]} Qa5+ {[%emt 0:00:11]} 18. Qd2 {[%emt 0:00:31]} Qxd2+ {[%emt 0:00:12]} 19. Kxd2 {[%emt 0:00:13]} Rad8 {[%emt 0:00:16]} 20. Ke3 {[%emt 0:00:29]} Bc6 {[%emt 0:00:11]} 21. f3 {[%emt 0:00:17]} Rd6 {[%emt 0:00:22]} 22. h6 {[%emt 0:00:12]} Bf6 {[%emt 0:00:12]} 23. Rd2 {[%emt 0:00:12]} Rfd8 {[%emt 0:00:14]} 24. Rc1 {[%emt 0:00:17]} Kf8 {[%emt 0:00:17]} 25. Bc2 {[%emt 0:00:15]} Ke8 {[%emt 0:00:26]} 26. Be4 {[%emt 0:00:12]} Be7 {[%emt 0:00:41]} 27. Bxc6+ {[%emt 0:00:14]} bxc6 {[%emt 0:00:12]} 28. Nxc6 {[%emt 0:00:12]} Rc8 {[%emt 0:00:14]} 29. Rdc2 {[%emt 0:00:12]} Bf8 {[%emt 0:00:12]} 30. Nxa7 {[%emt 0:00:15]} Rxc2 {[%emt 0:00:13]} 31. Rxc2 {[%emt 0:00:11]} Bxh6 {[%emt 0:00:11]} 32. Nb5 {[%emt 0:00:13]} Rb6 {[%emt 0:00:11]} 33. a4 {[%emt 0:00:12]} g5 {[%emt 0:00:12]} 34. fxg5 {[%emt 0:00:24]} Bxg5+ {[%emt 0:00:12]} 35. Kd3 {[%emt 0:00:12]} Bd8 {[%emt 0:00:13]} 36. Kc4 {[%emt 0:00:17]} Rc6+ {[%emt 0:00:39]} 37. Kd3 {[%emt 0:00:12]} Ra6 {[%emt 0:00:14]} 38. Rc4 {[%emt 0:00:15]} h5 {[%emt 0:00:12]} 39. Ke4 {[%emt 0:00:14]} Kd7 {[%emt 0:00:12]} 40. f4 {[%emt 0:00:17]} h4 {[%emt 0:00:16]} 41. gxh4 {[%emt 0:00:12]} Bxh4 {[%emt 0:00:11]} 42. Rc7+ {[%emt 0:00:11]} Ke8 {[%emt 0:00:13]} 43. Ra7 {[%emt 0:00:11]} Rxa7 {[%emt 0:00:12]} 44. Nxa7 {[%emt 0:00:12]} Kd7 {[%emt 0:00:11]} 45. d5 {[%emt 0:00:18]} Bd8 {[%emt 0:00:13]} 46. Nc6 {[%emt 0:00:18]} f5+ {[%emt 0:00:14]} 47. Kd4 {[%emt 0:00:14]} Bb6+ {[%emt 0:00:11]} 48. Kc4 {[%emt 0:00:11]} Be3 {[%emt 0:00:13]} 49. Ne5+ {[%emt 0:00:15]} Kd6 {[%emt 0:00:11]} 50. Nd3 {[%emt 0:00:13]} exd5+ {[%emt 0:00:13]} 51. Kb5 {[%emt 0:00:12]} Kc7 {[%emt 0:00:11]} 52. a5 {[%emt 0:00:12]} Kb7 {[%emt 0:00:11]} 53. a6+ {[%emt 0:00:13]} Ka7 {[%emt 0:00:11]} 54. Nb4 {[%emt 0:00:12]} Bxf4 {[%emt 0:00:12]} 55. Nxd5 {[%emt 0:00:11]} Bh2 {[%emt 0:00:12]} 56. Ka5 {[%emt 0:00:17]} f4 {[%emt 0:00:11]} 57. Nxf4 {[%emt 0:00:11]} Bxf4 {[%emt 0:00:12]} 58. Kb5 {[%emt 0:00:12]} Bc7 {[%emt 0:00:11]} 59. Kc6 {[%emt 0:00:12]} Kxa6 {[%emt 0:00:11]} 1/2-1/2